LEADER 01316nam0 22003131i 450 001 UON00073171 005 20231205102358.742 100 $a20020107d1993 |0itac50 ba 101 $aara 102 $aLB 105 $a|||| ||||| 200 1 $aLugat al- arab$eMu gam mutawwal li-luga 'l- arabiyya wa mustalahatiha 'l-hadita$eal-guz' al-awwal$eA-D$fGurg Mitri Abd al-Massih 205 $aBayrut : Maktabat Lubnan$b1993 210 $a479 p.$a25 cm 215 $aAltro front. in inglese 510 1$3UON00359470$aˆA ‰comprehensive dictionary of the Arabic language and its contemporary terms 510 1$3UON00359472$aLughat al- arab 606 $aLingua araba$xDizionari$3UONC001986$2FI 620 $aLB$dBair?t$3UONL000162 676 $a492.73$cLINGUA ARABA - Dizionari$v21 700 1$aABD AL-MASSIH$bGurg Mitri$3UONV048062$0659041 712 $aLibrairie du Liban$3UONV248554$4650 790 1$aABDUL-MASSIH, George M.$zABD AL-MASSIH, Gurg Mitri$3UONV048063 801 $aIT$bSOL$c20250502$gRICA 899 $aSIBA - SISTEMA BIBLIOTECARIO DI ATENEO$2UONSI 912 $aUON00073171 950 $aSIBA - SISTEMA BIBLIOTECARIO DI ATENEO$dSI II A 022 $eSI AA 16099 5 022 996 $aLugat al- arab$91165060 997 $aUNIOR LEADER 01169nam0 22002891i 450 001 UON00214392 005 20231205103347.796 100 $a20030730d1969 |0itac50 ba 101 $ager 102 $aDE 105 $a|||| 1|||| 200 1 $aEssay$fGerhard Haas 210 $aStuttgart$cJ. B. Metzlersche Verlagsbuchhandlung$d1969 215 $a88 p.$d19 cm. 410 1$1001UON00433590$12001 $aSammlung Metzler. Realienbücher für Germanisten, Abt. E$ePoetik$1210 $aStuttgart$cJ.B. Metzlersche Verlagsbuchhandlung$d19-$vM 83 606 $aGeneri letterari$3UONC038396$2FI 606 $aSaggistica$3UONC042631$2FI 620 $aDE$dWiesbaden$3UONL003153 676 $a808.4$cRetorica dei saggi.$v21 700 1$aHAAS$bGerhard$3UONV129463$0199699 712 $aMetzlersche Verlagsbuchhandlung$3UONV266502$4650 801 $aIT$bSOL$c20251114$gRICA 899 $aSIBA - SISTEMA BIBLIOTECARIO DI ATENEO$2UONSI 912 $aUON00214392 950 $aSIBA - SISTEMA BIBLIOTECARIO DI ATENEO$dSI TED 2 S.M. 083 $eSI LO 24105 5 083 $sBuono 996 $aEssay$9526473 997 $aUNIOR